Представление документа в формате MARC21

Поле Инд. ПП Название Значение
Тип записи a
Библиографический уровень m
001 Контрольный номер fe0e10f7-aaeb-4ba1-9d23-7af2791f20d3
005 Дата корректировки 20180305110613.3
008 Кодируемые данные 960426 d
020 c Цена, тираж 1.30
040 a Служба первич. каталог. НБ ТвГУ
041 0_ a Код языка текста rus
080 a Индекс УДК 539.19(075.8)
084 a Индекс другой классификации/Индекс ББК В36я731-1
090 x Авторский знак М33
a Полочн. индекс В36я73
100 1_ a Автор Матвеев Алексей Николаевич
245 1_ a Заглавие Молекулярная физика
b Продолж. заглавия [Учеб. пособие для физ. спец. вузов]
c Ответственность А. Н. Матвеев
260 0_ a Место издания Москва
b Издательство Высшая школа
c Дата издания 1981
300 a Объем 400 с.
b Иллюстрации/ тип воспроизводства ил.
504 a Библиография Предм. указ.: с. 399-400.
650 04 a Основная рубрика Молекулярная физика
x Основная подрубрика Учебники для вузов
653 0_ a Ключевые слова Молекулярная физика
a Ключевые слова Учебники
852 41 t Порядковый номер экземпляра 47
p Инвентарный номер 490361
p Инвентарный номер 490362
p Инвентарный номер 3038 - 44 экз.
930 a Новая/Ретро учебники
999 a Подразделение 2 Фил3